000 00407nam a2200169 a 4500
001 0000-9349
003 ELIB.Books
008 110520 1969
035 _a(ELIB.Books)0000-9501
082 _aFic
_bCle
100 _aCleaver, Bill
245 _aWhere The Lilies Bloom
260 _bU.S.A: Puffin Books
_c1969
650 _aFiction
942 _2ddc
_cBK
998 _cbat
_e2011-05-20
999 _c9349
_d9349